| 000 | 00805nam a2200205 a 4500 | ||
|---|---|---|---|
| 001 | 000039228 | ||
| 005 | 20201002031543.0 | ||
| 008 | 130611s2004 sp 000 0 spa d | ||
| 020 | _a8400082818 | ||
| 040 |
_aDO-SdBNP _bspa _cBNPHU |
||
| 245 | 0 | 3 |
_aLenguas en contacto : _bel testimonio escrito / _cPedro Bádenas de la Peña ... [et al.]. |
| 260 |
_aMadrid : _bConsejo Superior de Investigaciones Científicas, _c2004. |
||
| 300 |
_a320 p. ; _c24 cm. |
||
| 490 | 1 |
_aManuales y anejos de Emerita _v46 |
|
| 504 | _aBibliografía : p. 293- 295 | ||
| 504 | _aIncluye referencias bibliográficas y notas al pie de las páginas | ||
| 700 | 1 |
_aBádenas de la Peña, Pedro, _eed. _915354 |
|
| 710 | 2 |
_aConsejo Superior de Investigaciones Científicas, _94786 |
|
| 830 | 0 |
_aManuales y anejos de Emerita _v46 _963832 |
|
| 999 |
_c38718 _d38718 |
||